000 00426nam a22001697a 4500
999 _c641
_d641
005 20210828164308.0
008 160512b xxu||||| |||| 00| 0 eng d
020 _a81-259-1603-3
041 _aeng
082 _b1631
_a657.95
100 _aMaheshwari S.N. Maheshwari S.K.
_9327
245 _aCorporate Accounting
260 _aNew Delhi
_bVikas Publishing
_c1994
300 _a3.324
650 _aManagement
_9241
942 _cBK